चरणदास और उनकी परंपरा में निर्गुणवादीमहिला संत (सहजोबाई और दयाबाई) की साधना का अध्ययन / (Record no. 43928)

MARC details
000 -LEADER
fixed length control field 01208nam a22002417a 4500
005 - DATE AND TIME OF LATEST TRANSACTION
control field 2010051504034.0
008 - FIXED-LENGTH DATA ELEMENTS--GENERAL INFORMATION
fixed length control field 100515t xxu||||| |||| 00| 0 hin d
010 ## - LCCN (DPL NO)
LC control number HIN-90360
020 ## - INTERNATIONAL STANDARD BOOK NUMBER
Terms of availability 400.00
International Standard Book Number 8170640687
035 ## - SYSTEM CONTROL NUMBER
System control number HN-62706
037 ## - SOURCE OF ACQUISITION
Source of stock number/acquisition DBAD / PUB
040 ## - CATALOGING SOURCE
Original cataloging agency DPL
Language of cataloging HN
082 ## - DEWEY DECIMAL CLASSIFICATION NUMBER
Classification number 821.08
100 ## - MAIN ENTRY--PERSONAL NAME
9 (RLIN) 7528
Personal name गोयल, संगीता
245 ## - TITLE STATEMENT
Title चरणदास और उनकी परंपरा में निर्गुणवादीमहिला संत (सहजोबाई और दयाबाई) की साधना का अध्ययन /
Statement of responsibility, etc संगीता गोयल
260 ## - PUBLICATION, DISTRIBUTION, ETC. (IMPRINT)
Place of publication, distribution, etc नई दिल्ली
Name of publisher, distributor, etc आर्य पब्लिशिंग हाउस
Date of publication, distribution, etc 2007
270 ## - ADDRESS
Address 1569/30 नाईवाला, करोल बाग
City नई दिल्ली
Postal code 110005
Telephone number 011 28752745
Fax number 011 28756921
300 ## - PHYSICAL DESCRIPTION
Extent 312पृ
Dimensions 22सेमी (सजिल्द)
700 ## - ADDED ENTRY--PERSONAL NAME
9 (RLIN) 18507
700 ## - ADDED ENTRY--PERSONAL NAME
9 (RLIN) 18508
942 ## - ADDED ENTRY ELEMENTS (KOHA)
Source of classification or shelving scheme Dewey Decimal Classification
Item type Hindi Books
Call number suffix गोयल
Classification part 821.08
Holdings
Withdrawn status Lost status Source of classification or shelving scheme Damaged status Not for loan Collection code Home library Current library Date acquired Source of acquisition Cost, normal purchase price Total Checkouts Full call number Barcode Date last seen Copy number Cost, replacement price Koha item type
    Dewey Decimal Classification   Not For Loan Non-fiction D.B.Act.Division D.B.Act.Division 06/09/2010 DBAD / PUB 400.00   821.08 गोयल HN-62706 06/09/2010 1 400.00 Hindi Books

© Delhi Public Library
Hit Counter
free hit counter